Lý Văn Thức và Nhị thập tứ hiếu diễn âm
Cuốn sách giáo huấn về cách cư xử trong gia đình thể hiện thông qua lời ca song thất lục bát và thường được đem dạy cho trẻ con; Phụ in: Tự thuật ký bất phong lưu truyện thanh tâm tài nhân đề vịnh
Spremljeno u:
| Glavni autor: | |
|---|---|
| Format: | Knjiga |
| Jezik: | Undetermined |
| Izdano: |
H.
Hội nhà văn; Công ty sách Phương Nam
2017
|
| Teme: | |
| Online pristup: | http://lrc.tdmu.edu.vn/opac/search/detail.asp?aID=2&ID=33406 |
| Oznake: |
Dodaj oznaku
Bez oznaka, Budi prvi tko označuje ovaj zapis!
|
| Thư viện lưu trữ: | Trung tâm Học liệu Trường Đại học Thủ Dầu Một |
|---|
| LEADER | 01053nam a2200205Ia 4500 | ||
|---|---|---|---|
| 001 | TDMU_33406 | ||
| 008 | 210410s9999 xx 000 0 und d | ||
| 082 | |a 891.733 | ||
| 090 | |b D561 | ||
| 100 | |a Dương, Quảng Hàm | ||
| 245 | 0 | |a Lý Văn Thức và Nhị thập tứ hiếu diễn âm | |
| 245 | 0 | |c Dương Quảng Hàm (ch.giải) | |
| 260 | |a H. | ||
| 260 | |b Hội nhà văn; Công ty sách Phương Nam | ||
| 260 | |c 2017 | ||
| 300 | |a 112 tr. | ||
| 520 | |a Cuốn sách giáo huấn về cách cư xử trong gia đình thể hiện thông qua lời ca song thất lục bát và thường được đem dạy cho trẻ con; Phụ in: Tự thuật ký bất phong lưu truyện thanh tâm tài nhân đề vịnh | ||
| 650 | |a Lý Văn Thức |c Danh thần |d 1785-1849; Đạo đức học |x Lòng Hiếu Thảo | ||
| 856 | |u http://lrc.tdmu.edu.vn/opac/search/detail.asp?aID=2&ID=33406 | ||
| 980 | |a Trung tâm Học liệu Trường Đại học Thủ Dầu Một | ||